000 00727nam a2200241Ia 4500
003 OSt
005 20251122102314.0
008 210716s2001 xx 000 0 und d
020 _a8178084996
040 _cAIMIT LIBRARY
041 _aeng
082 _a006.3
_23
_bJACP
100 _aJackson, Peter.
_9246640
245 _aIntroduction to expert systems /
_cBy Peter Jackson.
250 _a1st ed.
260 _aNew Delhi :
_bPearson Education ,
_c2001.
300 _axvii,542p. ;
_bPB
_c23.9 cm
650 _aAn overiew of artificial intelligence
_9246641
650 _aLogic programming
_9246642
650 _aDesigningfor explanation
_9246643
650 _aBelief networks
_9246644
942 _2ddc
_cBK
_e3rd
_k006.3 JACP
999 _c184904
_d184904